000 00802nam a2200205 i 4500
001 185871
003 ES-MaACL
005 20230906222532.0
008 160817s1940 sp |||| | spa d
100 1 _aTallada Paulí, Josep María.
_9109126
245 1 3 _aLa política económica en los tiempos de crisis :
_bcursillo profesado en la Universidad de Salamanca durante el ejercicio académico 1937-1938 /
_cJosé M. Tallada Pauli.
260 _aBarcelona :
_bBosch,
_c1940.
300 _aVII, 130 p. ;
_c23 cm.
490 1 _aCuadernos de estudios económicos y sociales ;
_v2
650 4 _aCrisis económicas.
_911421
710 2 _aUniversidad de Salamanca.
_97275
830 1 _aCuadernos de estudios económicos y sociales ;
_v2
_9192419
852 _aES-MaACL
_jC-8129
999 _c185871
_d185871